Catálogo
 En Linea

Introducción al análisis económico : (Registro nro. 24051)

Detalles MARC
000 -CABECERA
campo de control de longitud fija 00754nam a2200205 a 4500
001 - NÚMERO DE CONTROL
campo de control 000024558
005 - FECHA Y HORA DE LA ÚLTIMA TRANSACCIÓN
campo de control 20200930023234.0
008 - DATOS DE LONGITUD FIJA--INFORMACIÓN GENERAL
campo de control de longitud fija 110131s1975 is ad r 000 0 spa d
040 ## - FUENTE DE LA CATALOGACIÓN
Centro catalogador/agencia de origen DO-SdBNP
Lengua de catalogación spa
Centro/agencia transcriptor BNPHU
082 ## - NÚMERO DE LA CLASIFICACIÓN DECIMAL DEWEY
Número de clasificación xxxxxx
Número de documento/Ítem E192i
049 ## - FONDOS LOCALES (OCLC)
Fondos de biblioteca BNGR
100 1# - ENTRADA PRINCIPAL--NOMBRE DE PERSONA
Nombre de persona Eckstein, Shlomo
9 (RLIN) 50345
245 10 - MENCIÓN DE TÍTULO
Título Introducción al análisis económico :
Resto del título con aplicación a los problemas de la cooperación agricola /
Mención de responsabilidad, etc. Shlomo Eckstein , Moshe Sirkin ; introducción Abraham Hatzamri.
250 ## - MENCIÓN DE EDICIÓN
Mención de edición 3a ed.
260 ## - PUBLICACIÓN, DISTRIBUCIÓN, ETC.
Lugar de publicación, distribución, etc. Israel :
Nombre del editor, distribuidor, etc. Centro de Estudios Cooperativos y Laborales,
Fecha de publicación, distribución, etc. 1975.
300 ## - DESCRIPCIÓN FÍSICA
Extensión 305 p. :
Otras características físicas il., diag. ;
Dimensiones 23.5 cm.
500 ## - NOTA GENERAL
Nota general Incluye notas al pie de las páginas.
700 1# - PUNTO DE ACCESO ADICIONAL--NOMBRE DE PERSONA
Nombre de persona Sirkin, Moshe
9 (RLIN) 50346
700 1# - PUNTO DE ACCESO ADICIONAL--NOMBRE DE PERSONA
Nombre de persona Hatzamri, Abraham
9 (RLIN) 50347
Existencias
Estado de retiro Estado de pérdida Restricciones de uso No para préstamo Código de colección Localización permanente Ubicación/localización actual Ubicación en estantería Fecha de adquisición Número de inventario Total de préstamos Signatura topográfica completa Código de barras Fecha visto por última vez Precio válido a partir de Tipo de ítem Koha
        Monografías: Libros y Folletos General General En catalogación 31.01.2011 LF1   xxxxxx E192i 24558-10 25.06.2020 25.06.2020 Préstamo en sala

Con tecnología Koha